| 000 | 00537nam a2200181 i 4500 | ||
|---|---|---|---|
| 003 | IT-RoINE | ||
| 005 | 20181024094105.0 | ||
| 008 | 981112s1967 sp r 000 | spa d | ||
| 040 |
_aUSA.FVI _dUPSA _dIT-RoINE _cesslup IT-RoINE |
||
| 100 | 1 |
_921479 _aFerrater Mora, José, _d1912-1991 |
|
| 245 | 1 | 0 |
_aObras selectas / _cJosé Ferrater Mora. |
| 260 |
_aMadrid : _bRevista de Occidente, _c1967. |
||
| 300 |
_a2 v. ; _c21 cm. |
||
| 336 |
_2rdacontent _atext |
||
| 337 |
_2rdamedia _aunmediated |
||
| 338 |
_2rdacarrier _avolume |
||
| 942 | _cMTS | ||
| 999 |
_c27218 _d27218 |
||